Wings of the morning : (Record no. 126914)

MARC details
000 -LEADER
campo de control de longitud fija 02744cam a2200481 a 4500
001 - NÚMERO DE CONTROL
campo de control 4415021
003 - IDENTIFICADOR DE NÚMERO DE CONTROL
campo de control BJBSDDR
005 - FECHA Y HORA DE LA ÚLTIMA TRANSACCIÓN
campo de control 20260501111755.0
007 - CAMPO FIJO DE DESCRIPCIÓN FÍSICA--INFORMACIÓN GENERAL
campo de control de longitud fija ta
008 - DATOS DE LONGITUD FIJA--INFORMACIÓN GENERAL
campo de control de longitud fija 930611s1994 nyua 000 0aeng
010 ## - NÚMERO DE CONTROL DE LA BIBLIOTECA DEL CONGRESO
Número de control de LC 93021523
020 ## - NÚMERO INTERNACIONAL ESTÁNDAR DEL LIBRO
Número Internacional Estándar del Libro 0312100086
020 ## - NÚMERO INTERNACIONAL ESTÁNDAR DEL LIBRO
Número Internacional Estándar del Libro 9780312100087
035 ## - NÚMERO DE CONTROL DEL SISTEMA
Número de control de sistema 4415021
040 ## - FUENTE DE CATALOGACIÓN
Centro catalogador/agencia de origen DLC
Centro/agencia transcriptor DLC
Centro/agencia modificador DLC
Lengua de catalogación eng
041 1# - CÓDIGO DE IDIOMA
Código de lengua del texto/banda sonora o título independiente eng
Código de lengua original spa
043 ## - CÓDIGO DE ÁREA GEOGRÁFICA
Código de área geográfica nwcu---
-- n-us---
050 14 - SIGNATURA TOPOGRÁFICA DE LA BIBLIOTECA DEL CONGRESO
Número de clasificación 107 F 1788.22
Número de ítem L869w 1994
082 00 - NÚMERO DE LA CLASIFICACIÓN DECIMAL DEWEY
Número de clasificación 972.9106/4
100 1# - ENTRADA PRINCIPAL--NOMBRE DE PERSONA
Nombre de persona Lorenzo, Orestes
9 (RLIN) 48113
240 10 - TÍTULO UNIFORME
Título uniforme Vuelo hacia el amanecer.
Lenguaje de la obra English
245 10 - MENCIÓN DEL TÍTULO
Título Wings of the morning :
Resto del título the flights of Orestes Lorenzo /
Mención de responsabilidad, etc. Orestes Lorenzo ; translated by E. K. Max.
260 ## - PUBLICACIÓN, DISTRIBUCIÓN, ETC.
Lugar de publicación, distribución, etc. New York :
Nombre del editor, distribuidor, etc. St. Martin's Press,
Fecha de publicación, distribución, etc. c1994.
300 ## - DESCRIPCIÓN FÍSICA
Extensión 346 pages, 16 unnumbered pages of plates :
Otras características físicas illustrations :
Dimensiones 24 cm.
336 ## - TIPO DE CONTENIDO
Término de tipo de contenido text
Código de tipo de contenido txt
Fuente rdacontent
337 ## - TIPO DE MEDIO
Nombre/término del tipo de medio unmediated
Código del tipo de medio n
Fuente rdamedia
338 ## - TIPO DE SOPORTE
Nombre/término del tipo de soporte volume
Código del tipo de soporte nc
Fuente rdacarrier
520 ## - RESUMEN, ETC.
Sumario, etc. In December 1992 Orestes Lorenzo undertook the most daring journey of his life. More than a year earlier, while a major in the Cuban Air Force, he had escaped from Cuba by flying a MiG to the United States, and for twenty-one frantic months had been trying to get permission for his wife, Vicky, and their two sons to join him. When all his attempts to gain their freedom failed, Orestes decided to go back and rescue his family himself. Meanwhile, Vicky had been undergoing a terrifying ordeal back in Cuba, where the authorities were pressuring her to denounce her husband as a traitor. They informed her that she would never be allowed to leave, and that Raul Castro himself had declared: "If Lorenzo had the guts to leave with one if my MiGs, maybe he has the guts to come back and get his family." Desperate, Orestes Lorenzo did just that, flying an old twin-engine Cessna across the straits of Florida, avoiding Cuban radar, and landing on a busy highway in a breathtaking rescue
600 14 - PUNTO DE ACCESO ADICIONAL DE MATERIA--NOMBRE DE PERSONA
Nombre de persona Lorenzo, Orestes
9 (RLIN) 48113
610 20 - PUNTO DE ACCESO ADICIONAL DE MATERIA--NOMBRE DE ENTIDAD CORPORATIVA
Nombre de entidad corporativa o nombre de jurisdicción como elemento de entrada Fuerza Aérea Rebelde (Cuba)
Subdivisión general Biography.
610 24 - PUNTO DE ACCESO ADICIONAL DE MATERIA--NOMBRE DE ENTIDAD CORPORATIVA
Nombre de entidad corporativa o nombre de jurisdicción como elemento de entrada Fuerza Aérea Rebelde (Cuba)
Subdivisión general Biografía
9 (RLIN) 48250
650 #0 - PUNTO DE ACCESO ADICIONAL DE MATERIA--TÉRMINO DE MATERIA
Término de materia o nombre geográfico como elemento de entrada Political refugees
Subdivisión geográfica Cuba
Subdivisión general Biography.
650 #4 - PUNTO DE ACCESO ADICIONAL DE MATERIA--TÉRMINO DE MATERIA
Término de materia o nombre geográfico como elemento de entrada Refugiados políticos
Subdivisión geográfica Cuba
9 (RLIN) 48251
650 #0 - PUNTO DE ACCESO ADICIONAL DE MATERIA--TÉRMINO DE MATERIA
Término de materia o nombre geográfico como elemento de entrada Political refugees
Subdivisión geográfica United States
Subdivisión general Biography.
650 #0 - PUNTO DE ACCESO ADICIONAL DE MATERIA--TÉRMINO DE MATERIA
Término de materia o nombre geográfico como elemento de entrada Fighter pilots
Subdivisión geográfica Cuba
Subdivisión general Biography.
650 #4 - PUNTO DE ACCESO ADICIONAL DE MATERIA--TÉRMINO DE MATERIA
Término de materia o nombre geográfico como elemento de entrada Aviadores militares
Subdivisión geográfica Cuba
9 (RLIN) 48252
651 #0 - PUNTO DE ACCESO ADICIONAL DE MATERIA--NOMBRE GEOGRÁFICO
Nombre geográfico Cuba
Subdivisión general History
Subdivisión cronológica 1959-1990.
651 #4 - PUNTO DE ACCESO ADICIONAL DE MATERIA--NOMBRE GEOGRÁFICO
Nombre geográfico Cuba
Subdivisión general Historia
Subdivisión cronológica 1959-
9 (RLIN) 220
906 ## - ELEMENTOS DE DATOS F LOCAL, LDF (RLIN)
a 7
b cbc
c orignew
d 1
e ocip
f 19
g y-gencatlg
942 ## - ELEMENTOS DE ENTRADA SECUNDARIOS (KOHA)
Fuente del sistema de clasificación o colocación Clasificación de Library of Congress
Tipo de ítem Koha Libro
Holdings
Estatus retirado Estado de pérdida Fuente del sistema de clasificación o colocación Estado de daño No para préstamo Colección Biblioteca de origen Biblioteca actual Ubicación en estantería Fecha de adquisición Signatura topográfica completa Código de barras Visto por última vez Copia número Tipo de ítem Koha
    Clasificación de Library of Congress     Recursos Regionales Biblioteca Juan Bosch Biblioteca Juan Bosch Recursos Regionales (2do. Piso) 24/04/2026 107 F 1788.22 L869w 1994 00000199710 24/04/2026 1 Libro